000 01447cam a22001815a 4500
001 L155335
008 120319s1751 xxk f 000 0 eng d
035 _a(Sirsi) u155335
041 0 _aeng
100 1 _aHawney, William
_dfl. 1710-1750
245 0 4 _aThe complete measurer
_bor, the whole art of measuring. In two parts. The first part teaching decimal arithmetic, with the Extraction of the Square and Cube Roots. And also the Multiplication of Feet and Inches, commonly called Cross-Multiplication. The second part teaching to measure all sorts of superficies and solids, by Decimals, by Cross-Multiplication, and by Scale and Compasses: Also the Works of several Artificers, relating to Building; and the Measuring of Board and Timber. Shewing the common Errors. And some Practical Questions. The eighth edition. To which is added, an appendix, 1. Of Gauging. 2. Of Land-Measuring. Very useful for all Tradesmen, especially Corpenters, Bricklayers, Plasterers, Painters, Joiners, Glasiers, Masons, &c. By William Hawney, Philomath. Recommended by the Rev. Dr. John Harris, F. R. S.
260 _aLondon
_bprinted for R. Ware, J. and P. Knapton, S. Birt, T. Longman, C. Hitch, J. Hodges, S. Austen, J. and J. Rivington, and J. Ward
_cM.DCC.LI. [1751]
300 _aix, [3], 346, [2] p.
_bill.
_c12o
583 _aCondition reviewed
_c20120620
_lcondition level 1
651 4 _aGreat Britain
_y1707-
690 _aMeasurement
_96256
942 _n0
999 _c113483
_d113483